Références du Design #2 - Statistiques

Statistiques générales
  • Ce quiz a été pris 12 fois
  • Le résultat moyen est 3 sur 15
Statistiques - réponses
Par images Réponse % Correct
Collection Sensory Seas, d'Iris Van Herpen (2020)
60%
Balloon Dog Blue, de Jeff Koons (1994-2000)
40%
Affiche Hope, de Shepard Fairey (1999)
30%
Le Cube Orange, de Jakob et Macfarlane (2010)
30%
La Tenue de Travail, de Agnès B
20%
Musée des Confluences, de Coop Himmelb(l)au (2006-2014)
20%
Shimmer, de Patricia Urquiola (2014)
20%
Swiss Re Building, de Norman Foster (2001-2003)
20%
Tree Trunk Bench, de Jurgen Bey (1999)
20%
Chaise Mullca 510, de Gaston Cavaillon (1950)
10%
Couverture du livre original Jurassic Park, de Chip Kidd (1986)
10%
Sunflower Seeds, de Ai Weiwei (2010)
10%
Walhalla, de Anselm Kiefer (2016)
10%
New Balance 247, de Kate Moross (2017)
0%
Robe de mariée de Kate Middleton, de Sarah Burton (2011)
0%
Aucun quiz correspondant
Distribution des résultats
% des personnes avec chaque résultat
Percentile par nombre de réponses
Votre historique - résultats
Vous n’avez pas pris ce quiz